Thaï pop soloist - Try to name as many as you can - Statistics

General Stats
  • This quiz has been taken 9 times
  • The average score is 10 of 80
Answer Stats
Answer % Correct
Jeff Satur
89%
MILLI
67%
Ink Waruntorn
56%
Nont Tanont
56%
Win Metawin
56%
Aou Thanaboon Kiatniran
33%
BOWKYLION
33%
GEMINI
33%
PERTH
33%
BAMBAM
22%
Billkin
22%
Bright Vachirawit-chivaree
22%
Daou Pittaya
22%
FOURTH
22%
HONGSHI (LYKN)
22%
Krist Perawat
22%
MIN
22%
Minnie
22%
NANON
22%
NuNew
22%
Offroad Kantapon
22%
Phuwin
22%
Por Suppakarn
22%
PP Krit
22%
Timethai
22%
William (LYKN)
22%
Zee Pruk Panich
22%
Adam Chims
11%
Auau Thanaphum
11%
Diamond Narakorn
11%
jum:p
11%
Lisa
11%
Nene
11%
Nichkhun
11%
Sorn
11%
The Toys
11%
Third (Lapat Ngamchaweng)
11%
Violette Wautier
11%
Yim Pharinyakorn Khansawa (DEXX)
11%
ALLY
0%
Aoey Jiratch
0%
BaifernChan
0%
Benzkhaokhwan
0%
CEKKI
0%
D-na
0%
Fyeqoodgurl
0%
Gena Desouza
0%
H I N A N O
0%
Jannine Weigel (PLOYCHOMPOO)
0%
JAYLERR
0%
Jelly Lee
0%
Jutamas Wichai
0%
KIIM
0%
KIN
0%
Lay Talay
0%
LINION
0%
Mai Davika
0%
MATCHA
0%
MEYOU
0%
Miiw Jydaa
0%
mindfreakkk
0%
Natherine
0%
NewBlood
0%
Nine
0%
Peck Palitchoke
0%
Proo Thunwa
0%
PUN
0%
PUN-PUN
0%
PYRA
0%
RAMASUON
0%
SILVY
0%
Sumdong
0%
Suppapong (Saint) Udomkaewkanjana
0%
Suppasit (Mew) Jongcheveevat
0%
TAMP
0%
THI-O
0%
Tobii
0%
TYTAN
0%
War Wanarat
0%
Yean Papitchaya
0%
No matching quizzes found
Score Distribution
Percent of People with Each Score
Percentile by Number Answered
Your Score History
You have not taken this quiz